书目信息 |
| 题名: |
交通仿真理论与实验
|
|
| 作者: | 杨艳群 , 梁钰 主编 | |
| 分册: | ||
| 出版信息: | 北京 北京理工大学出版社 2025.04 |
|
| 页数: | 175页 | |
| 开本: | 26cm | |
| 丛书名: | ||
| 单 册: | ||
| 中图分类: | U491.2-39 | |
| 科图分类: | ||
| 主题词: | 交通系统--jiao tong xi tong--仿真系统 | |
| 电子资源: | ||
| ISBN: | 978-7-5763-5278-8 | |
| 000 | 01036nam0 2200277 450 | |
| 001 | 97488 | |
| 005 | 20250919163034.77 | |
| 010 | @a978-7-5763-5278-8@dCNY66.00 | |
| 100 | @a20250610d2025 em y0chiy50 ea | |
| 101 | 0 | @achi |
| 102 | @aCN@b110000 | |
| 105 | @aa a 000yy | |
| 106 | @ar | |
| 106 | @ar | |
| 200 | 1 | @a交通仿真理论与实验@Ajiao tong fang zhen li lun yu shi yan@f主编杨艳群, 梁钰 |
| 210 | @a北京@c北京理工大学出版社@d2025.04 | |
| 215 | @a175页@c图@d26cm | |
| 314 | @a杨艳群, 福州大学土木工程学院交通系教授、交通工程研究中心主任、交通心理与行为国际联合实验室主任。 | |
| 320 | @a有书目 (第175页) | |
| 330 | @a本书共11章, 分为理论概述、VISSIM仿真和TransCAD仿真三个部分。教材着重介绍了VISSIM仿真软件和TransCAD仿真软件的常用操作方法, 旨在培养学生独立完成交通微观和宏观仿真的能力。 | |
| 606 | 0 | @a交通系统@Ajiao tong xi tong@x仿真系统 |
| 690 | @aU491.2-39@v5 | |
| 701 | 0 | @a杨艳群@Ayang yan qun@4主编 |
| 701 | 0 | @a梁钰@Aliang yu@4主编 |
| 801 | 0 | @aCN@c20250909 |
| 905 | @a河南城建学院图书馆@dU491.2-39@eY310@f1 | |
| 交通仿真理论与实验/主编杨艳群, 梁钰.-北京:北京理工大学出版社,2025.04 |
| 175页:图;26cm |
| ISBN 978-7-5763-5278-8:CNY66.00 |
| 本书共11章, 分为理论概述、VISSIM仿真和TransCAD仿真三个部分。教材着重介绍了VISSIM仿真软件和TransCAD仿真软件的常用操作方法, 旨在培养学生独立完成交通微观和宏观仿真的能力。 |
| ● |
| 相关链接 |
|
|
|
正题名:交通仿真理论与实验
索取号:U491.2-39/Y310
 
预约/预借
| 序号 | 登录号 | 条形码 | 馆藏地/架位号 | 状态 | 备注 |
| 1 | 1638534 | 216385347 | 自科库501/501自科库 58排3列5层/ [索取号:U491.2-39/Y310] | 在馆 |